[Вып. 9]; Геология метаморфических комплексов

Detalles Bibliográficos
Parent link:Геология метаморфических комплексов: межвузовский научно-тематический сборник/ Свердловский горный институт им. В. В. Вахрушева. [Вып. 9].— , 1970-1988
Idioma:ruso
Publicado: 1982
Subjects:
Formato: Libro
KOHA link:https://koha.lib.tpu.ru/cgi-bin/koha/opac-detail.pl?biblionumber=300719

MARC

LEADER 00000nam2a2200000 4500
001 300719
005 20231102001329.0
035 |a (RuTPU)RU\TPU\book\325872 
035 |a RU\TPU\book\313733 
090 |a 300719 
100 |a 20150715d1982 k y0rusy5003 ca 
101 0 |a rus 
102 |a RU 
105 |a a z 001zy 
200 0 |a [Вып. 9] 
210 |d 1982 
215 |a 112 с.  |c ил. 
320 |a Библиография в конце статей 
461 1 |0 (RuTPU)RU\TPU\book\208891  |t Геология метаморфических комплексов  |o межвузовский научно-тематический сборник  |f Свердловский горный институт им. В. В. Вахрушева  |v [Вып. 9]  |d 1970-1988 
606 1 |a Метаморфизм  |2 stltpush  |3 (RuTPU)RU\TPU\subj\43404  |9 62909 
610 1 |a метаморфические комплексы 
610 1 |a метаморфическая зональность 
610 1 |a эволюция 
610 1 |a метаморфические ореолы 
610 1 |a полиметаморфические комплексы 
610 1 |a Баренцевоморское побережье 
610 1 |a карелиды 
610 1 |a Срединнокамчатский метаморфический ореол 
610 1 |a происхождение 
610 1 |a возраст 
610 1 |a кианитовые горные породы 
610 1 |a кианитизированные горные породы 
610 1 |a алюмосиликатные комплексы 
675 |a 551.25  |z rus  |v 4 
801 0 |a RU  |b RuMRKP  |c 19950704  |g psbo 
801 1 |a RU  |b 63413507  |c 20150331 
801 2 |a RU  |b 63413507  |c 20190530  |g RCR 
942 |c BK